Conjuración de Catilina
محفوظ في:
| المؤلف الرئيسي: | |
|---|---|
| التنسيق: | كتاب |
| اللغة: | الإسبانية |
| منشور في: |
Madrid
Hernando
1950
|
| سلاسل: | Nueva Biblioteca Clásica Hernando
|
| الموضوعات: | |
| الوسوم: |
إضافة وسم
لا توجد وسوم, كن أول من يضع وسما على هذه التسجيلة!
|
MARC
| LEADER | 00000nam a2200000 a 4500 | ||
|---|---|---|---|
| 001 | UCW8581 | ||
| 003 | CL-VaPUC | ||
| 008 | 881006e19500000SP |||||||||||||||||spa|d | ||
| 082 | 0 | 4 | |a 937.05 |b SAL |2 21 |
| 100 | 0 | |a Salustio, Cayo Crispo |e author |9 313797 | |
| 245 | 1 | 0 | |a Conjuración de Catilina |
| 246 | 1 | 0 | |a Guerra de Yugurta |
| 300 | |a 197 p | ||
| 942 | |c BK | ||
| 945 | |d 19881006 00:00:00 | ||
| 260 | |a Madrid |b Hernando |c 1950 | ||
| 650 | 7 | |a HISTORIA CONSPIRACION DE CATILINA 65-62 AC |2 CL-VaPUC |9 313364 | |
| 651 | 0 | |a Roma |9 255106 | |
| 583 | |a last modification |c 19881006 00:00:00 |k Rodrigo Vera | ||
| 490 | 0 | |a Nueva Biblioteca Clásica Hernando | |
| 999 | |c 220914 |d 220912 | ||
| 952 | |0 0 |1 0 |4 0 |6 937_050000000000000_SAL_1950 |7 0 |8 A |9 213730 |a BIBHIS |b BIBHIS |d 2019-11-15 |i 282034K |o 937.05 SAL 1950 |p 282034K |r 2025-01-20 |w 2019-11-15 |y BK |k HIS | ||